Winslow Homer : (Record no. 352911)

000 -LEADER
fixed length control field 00894 a2200265 4500
003 - CONTROL NUMBER IDENTIFIER
control field OSt
005 - DATE AND TIME OF LATEST TRANSACTION
control field 20180116192350.0
008 - FIXED-LENGTH DATA ELEMENTS--GENERAL INFORMATION
fixed length control field 120601t xxu||||| |||| 00| 0 eng d
010 ## - LIBRARY OF CONGRESS CONTROL NUMBER
LC control number 2006283821
020 ## - INTERNATIONAL STANDARD BOOK NUMBER
International Standard Book Number 9780714839929 (hbk.)
020 ## - INTERNATIONAL STANDARD BOOK NUMBER
International Standard Book Number 0714839922 (hbk.)
035 ## - SYSTEM CONTROL NUMBER
System control number (OCoLC)ocm62533050
040 ## - CATALOGING SOURCE
Transcribing agency 0
082 04 - DEWEY DECIMAL CLASSIFICATION NUMBER
Classification number 759.13
100 1# - MAIN ENTRY--PERSONAL NAME
Personal name Griffin, Randall C.
9 (RLIN) 3693
245 10 - TITLE STATEMENT
Title Winslow Homer :
Remainder of title an American vision /
Statement of responsibility, etc. Randall C. Griffin.
260 ## - PUBLICATION, DISTRIBUTION, ETC.
Place of publication, distribution, etc. London ;
-- New York :
Name of publisher, distributor, etc. Phaidon,
Date of publication, distribution, etc. 2006.
300 ## - PHYSICAL DESCRIPTION
Extent 239 p. :
Other physical details ill. (chiefly col.) ;
Dimensions 30 cm.
600 10 - SUBJECT ADDED ENTRY--PERSONAL NAME
Personal name Homer, Winslow,
Dates associated with a name 1836-1910.
9 (RLIN) 3694
650 #0 - SUBJECT ADDED ENTRY--TOPICAL TERM
Topical term or geographic name entry element Painters
Geographic subdivision United States
9 (RLIN) 3695
700 1# - ADDED ENTRY--PERSONAL NAME
Personal name Homer, Winslow,
Dates associated with a name 1836-1910.
9 (RLIN) 3696
942 ## - ADDED ENTRY ELEMENTS (KOHA)
Institution code [OBSOLETE] SADA
Koha item type Book
Call number prefix 759.13 GRI 2006
Source of classification or shelving scheme
Holdings
Withdrawn status Lost status Source of classification or shelving scheme Damaged status Not for loan Permanent Location Current Location Date acquired Total Checkouts Full call number Barcode Date last seen Copy number Cost, replacement price Price effective from Koha item type
          School of Art Design and Architecture (SADA) School of Art Design and Architecture (SADA) 06/29/2011   759.13 GRI 2006 SADA0001450 08/05/2011 02 4329.00 08/05/2011 Book
          School of Art Design and Architecture (SADA) School of Art Design and Architecture (SADA) 05/20/2011   759.13 GRI 2006 SADA0001061 08/05/2011 01 4918.00 08/05/2011 Book
© 2023 Central Library, National University of Sciences and Technology. All Rights Reserved.